000 00924nam a22003257a 4500
001 BR9404768
003 BR-BrBNA
005 20230928094250.0
007 ta
008 230509b bl.||||| |||| 00| 0 por d
040 _aBR-BrBNA
_bpor
_cBiblioteca Nacional de Agricultura
041 _a(Por)
072 _aE16
090 _ E16 BR9404768
100 1 _aYeganiantz, L.
100 1 _aBrandini, A.
111 1 _a11. Congresso Brasileiro de Engenharia Agricola
_cBrasilia, DF (Brazil)
_d22-27 Jun 1981
245 1 _aAnalise comparativa do consumo de combustiveis no Sul-Sudeste e Nordeste
260 3 _aBrasilia, DF (Brasil):
_c1981.
300 _a37 p.
500 _a13 tables; 5 ref.
650 _aCusto de Producao
650 _aInsumo
650 _aCombustivel
650 _aRegiao Sul
650 _aRegiao Sudeste
650 _aRegiao Nordeste
909 _a202309
_bLucia
_c55
_dLucia Elande
942 _cBK
999 _c49739
_d49739